Termination of tenancies for tenant default (Record no. 106113)
[ view plain ]
| 000 -LEADER | |
|---|---|
| fixed length control field | 01593cam a2200229 4500 |
| 001 - CONTROL NUMBER | |
| control field | ##L135616 |
| 008 - FIXED-LENGTH DATA ELEMENTS--GENERAL INFORMATION | |
| fixed length control field | 061116n2006 000 0 eng u |
| 035 ## - SYSTEM CONTROL NUMBER | |
| System control number | (Sirsi) u135616 |
| 041 0# - LANGUAGE CODE | |
| Language code of text/sound track or separate title | eng |
| 050 04 - LIBRARY OF CONGRESS CALL NUMBER | |
| Classification number | 346.4104343 $2 18 |
| 110 1# - MAIN ENTRY--CORPORATE NAME | |
| Corporate name or jurisdiction name as entry element | England and Wales |
| Subordinate unit | Law Commission |
| 9 (RLIN) | 3302 |
| 245 00 - TITLE STATEMENT | |
| Title | Termination of tenancies for tenant default |
| Medium | [electronic resource] |
| 260 ## - PUBLICATION, DISTRIBUTION, ETC. | |
| Place of publication, distribution, etc. | London |
| Name of publisher, distributor, etc. | TSO |
| Date of publication, distribution, etc. | 2006 |
| 490 #0 - SERIES STATEMENT | |
| Series statement | Law Commission Report |
| Volume/sequential designation | 303 |
| 490 #0 - SERIES STATEMENT | |
| Series statement | Cm |
| Volume/sequential designation | 6946 |
| 520 ## - SUMMARY, ETC. | |
| Summary, etc. | Reports on the findings of a project to reform the means by which a landlord can terminate a fixed term commercial or residential tenancy where the tenant has not complied with their obligations. Makes the following provisional proposals: to abolish the current law of forfeiture of tenancies and the related doctrine of waver; to create a new statutory scheme for termination of fixed term commercial tenancies and residential tenancies of 21 years or more; to require landlords to give pre-action notice to tenants and any qualifying derivative stakeholders of their intention to terminate a tenancy for tenant default; to give courts a structured discretion to make a a range of orders as well as termination, and to provide a modified regime whereby landlords may recover possession unilaterally. |
| 590 ## - LOCAL NOTE (RLIN) | |
| Local note | KA NTK |
| 651 #4 - SUBJECT ADDED ENTRY--GEOGRAPHIC NAME | |
| Geographic name | England and Wales |
| Chronological subdivision | 1543- |
| 690 ## - LOCAL SUBJECT ADDED ENTRY--TOPICAL TERM (OCLC, RLIN) | |
| Topical term or geographic name as entry element | PROPERTY-LEASEHOLD PROPERTY-LANDLORD AND TENANT-LEASES-BREACHING LEASES |
| 856 ## - ELECTRONIC LOCATION AND ACCESS | |
| Uniform Resource Identifier | <a href="https://www.official-documents.gov.uk/document/cm69/6946/6946.pdf">https://www.official-documents.gov.uk/document/cm69/6946/6946.pdf</a> |
| Public note | View the report free of charge at www.official-documents.gov.uk |
| 942 ## - ADDED ENTRY ELEMENTS (KOHA) | |
| Suppress in OPAC | 0 |
| Withdrawn status | Lost status | Source of classification or shelving scheme | Damaged status | Not for loan | Home library | Current library | Shelving location | Date acquired | Total Checkouts | Full call number | Barcode | Date last seen | Copy number | Price effective from | Koha item type |
|---|---|---|---|---|---|---|---|---|---|---|---|---|---|---|---|
| Dewey Decimal Classification | Virtual | Virtual | Online | 16/11/2006 | ONLINE PUBLICATION | 135616-2001 | 06/08/2019 | 1 | 06/08/2019 | Book |